000 00703nam a2200265Ia 4500
003 OSt
005 20220918165946.0
006 a|||||r|||| 00| 0
007 ta
008 220917b |||||||| |||| 00| 0 eng d
020 _a8185477019 (hbk)
024 _a14,564
037 _cTextual
040 _aARTS
_cARTS
_beng
041 _2eng
_aeng
082 _aV236:21wL80, N0
100 _aBhagat Singh
_926410
245 0 _aMaharaja Ranjit Singh and his times
260 _aNew Delhi
_bSehgal Pub
_c1990
300 _axi,491p.
_ccm.
500 _aBIbliography 465-78p
650 _aHISTORY
942 _hV236:21wL80, N0
_cTEXL
_2CC
999 _c131989
_d131989